Ace Attorney All Prosecutors - Statistics

General Stats
  • This quiz has been taken 170 times
    169 since last reset
  • The average score is 12 of 22
Answer Stats
Game Answer % Correct
Ace Attorney Miles Edgeworth
98%
Ace Attorney Manfred Von Karma
96%
Ace Attorney Winston Payne
96%
Justice For All Franziska Von Karma
94%
Trials and Tribulations Godot
93%
Apollo Justice Klavier Gavin
84%
Dual Destinies Simon Blackquill
83%
Dual Destinies Gaspen Payne
72%
Investigations 2 Sebastian Debeste
58%
Ace Attorney Lana Skye
54%
Great Ace Attorney Barok Van Zieks
47%
Spirit of Justice Nahyuta Sahdmadhi
44%
Investigations 2 Blaise Debeste
42%
Investigations Byrne Faraday
38%
Ace Attorney Neil Marshall
38%
Investigations Jacques Portsman
34%
Spirit of Justice Garan Sigatar Khurain
25%
Professor Layton vs Ace Attorney Hershel Layton
24%
Great Ace Attorney Taketsuchi Auchi
24%
Professor Layton vs Ace Attorney Darklaw
23%
Professor Layton vs Ace Attorney Zacharias Barnham
23%
Professor Layton vs Ace Attorney Flynch
20%
No matching quizzes found
Score Distribution
Percent of People with Each Score
Percentile by Number Answered
Your Score History
You have not taken this quiz since the last reset